Word Ladder: Once Upon a Time Characters Quiz Stats

 Plays Quiz Updated Oct 29, 2015

Challenge
Share
Tweet
Embed
Score 0/26 Timer 03:00
0 Plays Today
Hint 4-Letter Word % Correct
●Mary Margaret Blanchard: ____ White●●SNOW●
91.2%
●Outlaw and thief: Robin ____●HOOD●
90.9%
Opposite of badGOOD
89.3%
●Rumpelstiltskin: Mr. ____●GOLD●
89.2%
●Killian Jones: Captain ____●HOOK●
87.8%
The ____ must go on!SHOW
87.7%
Coca-____COLA
85.7%
A bad thing to catchCOLD
83.9%
●The Savior: Emma ____●SWAN●
82%
You may do this at a flySWAT
81%
●Queen of Hearts: ____●CORA●
79.5%
Where chickens are keptCOOP
77.6%
The kind of ladder you're completing right nowWORD
77%
Hint 4-Letter Word % Correct
Cut vegetables into piecesCHOP
76.2%
____ meinCHOW
74.6%
Mucus, informallySNOT
74.3%
Group of cowsHERD
74.1%
Section of a hospitalWARD
72.3%
What you might lose if it wasn't screwed onHEAD
70.5%
The coiled part of an old-fashioned landlineCORD
68.9%
Get off without punishment, or ____-freeSCOT
68.3%
Apple CEO Tim ____COOK
65.9%
Jazz singers often sing this waySCAT
64.3%
Type of candy or hatHARD
62.8%
●Baelfire: ____ Cassidy●●NEAL●
60.9%
Cause an injury to become sound againHEAL
60.8%

Today's Daily Dose

You're not logged in!

Compare scores with friends on all Sporcle quizzes.
Join for Free
OR
Log In

You Might Also Like...

Show Comments

Extras

Top Quizzes Today


Score Distribution

Your Account Isn't Verified!

In order to create a playlist on Sporcle, you need to verify the email address you used during registration. Go to your Sporcle Settings to finish the process.

Report this User

Report this user for behavior that violates our Community Guidelines.

Details: